Law of Contract (Record no. 3614)

MARC details
000 -LEADER
fixed length control field 00357nam a22001577a 4500
005 - DATE AND TIME OF LATEST TRANSACTION
control field 20180414125436.0
008 - FIXED-LENGTH DATA ELEMENTS--GENERAL INFORMATION
fixed length control field 160623b xxu||||| |||| 00| 0 eng d
041 ## - LANGUAGE CODE
Language code of text/sound track or separate title eng
082 ## - DEWEY DECIMAL CLASSIFICATION NUMBER
Item number 9262
Classification number 346.07
100 ## - MAIN ENTRY--AUTHOR NAME
Personal name Saharay, H.K.
245 ## - TITLE STATEMENT
Title Law of Contract
260 ## - PUBLICATION, DISTRIBUTION, ETC. (IMPRINT)
Name of publisher Kamel Law H
Year of publication 2004
300 ## - PHYSICAL DESCRIPTION
Number of Pages 526
650 ## - SUBJECT ADDED ENTRY--TOPICAL TERM
Topical Term Management
942 ## - ADDED ENTRY ELEMENTS (KOHA)
Koha item type Books
Holdings
Lost status Damaged status Collection code Home library Current library Shelving location Date acquired Cost, normal purchase price Full call number Accession Number Koha item type
    LAW JRU Library JRU Library SHELF-29-D 23/06/2016 250.00 346.07 9262 Books